000 00715nam a2200265Ia 4500
005 20260121165503.0
008 008 260114s9999 xx 000 0 eng d
020 _a9783319446721
037 _aEBOOK
040 _aCRL
040 _beng
040 _cCRL
041 _2eng
041 _aeng
084 _qCRL
100 _aHongxiu Li, Pirkko Nykänen, Reima Suomi, Nilmini Wickramasinghe, Gunilla Widén, Ming Zhan
_91052330
245 0 _aBuilding Sustainable Health Ecosystems
260 _bSpringer
260 _bSpringer
260 _c2016
856 _uhttps://link.springer.com/openurl?genre=book&isbn=978-3-319-44672-1
942 _cEBOOK
999 _c1618055
_d1618055